000
00291nam a22001097a 4500
082
_a
621.388835 RYD'H
100
_a
ENGLSTFT,RUDSTRON, F,FIALLA, J
_9
80062
245
_a
HOW TO BUILD TV ANTENNAS FOR ALL CHANNELS
260
_a
DENMARK
_b
WORLD PUBLICATIONS
_c
1969
300
_a
94P
942
_c
BK
999
_c
585034
_d
585034